| 000 | 01445naa a22003737a 4500 | ||
|---|---|---|---|
| 001 | BR8101670 | ||
| 003 | BR-BrBNA | ||
| 005 | 20250716171003.0 | ||
| 007 | ta | ||
| 008 | 250630b bl.|||m| |||| 00| 0 por d | ||
| 040 |
_aBR-BrBNA _bpor _cBiblioteca Nacional de Agricultura |
||
| 041 | _a(Pt) | ||
| 072 |
_aF25 _b1950 _b1959 _b3840 _bG514 |
||
| 090 | _aF25 BR8101670 | ||
| 100 | 1 | _aMacedo, W. | |
| 100 | 1 | _aBrasil, N.E.T. | |
| 100 | 1 | _aPatella, J.F. | |
| 245 | 1 | _aCalcario na implantacao em cobertura de leguminosa de inverno [Trifolium repens; Lotus corniculatus; Rio Grande do Sul; Brasil] | |
| 246 | 1 | _aLime effects on the introduction of winter forage legumes [Trifolium repens; Lotus corniculatus; Rio Grande do Sul; Brazil] | |
| 246 | 1 | _a[Pastures manuring and soil fertility] | |
| 500 | _aPastagens adubacao e fertilidade do solo Bage, RS (Brasil): 1980. p. 41-68 [9 tables; Summaries (En, Pt); 10 ref.] (BR8101670-AMS) | ||
| 773 | 0 |
_tPastagens adubacao e fertilidade do solo _wF25 BR8101670 _gBage, RS (Brasil), 1980. p. 41-68 |
|
| 650 | _aFertilidade do solo | ||
| 650 | _aCorretivo | ||
| 650 | _aLeguminosa forrageira | ||
| 650 | _aCalagem | ||
| 650 | _aTrevo | ||
| 650 | _aCornichao | ||
| 650 | _aCalcario | ||
| 650 | _aRio Grande do Sul | ||
| 490 |
_aMiscelanea - Unidade de Execucao de Pesquisa de Ambito Estadual de Bage (Brazil) _vno. 2 |
||
| 942 |
_cAMS _2AGRIS |
||
| 909 |
_a202506 _bLúcia _c55 _dLúcia Elande |
||
| 999 |
_c333693 _d333693 |
||